000 00843nam a2200265Ia 4500
003 OSt
005 20220918171736.0
006 a|||||r|||| 00| 0
007 ta
008 220917b |||||||| |||| 00| 0 eng d
020 _a9788173049774 (hbk)
_c650
024 _a266,238
037 _bCBS/192, 21/09/2012, Classic Book Service
_cTextual
040 _aARTS
_cARTS
_beng
041 _2eng
_aeng
082 _aO15,1A2:g(Y15), 111N5;Q2
100 _aShah Shalini
_938588
245 0 _aMaking of womanhood
_b Gender relations in the mahabharata
250 _aRev ed.
260 _aNew Delhi
_bManohar India
_c2012
300 _a220p.
_ccm.
650 _aSANSKRIT LITERATURE
942 _hO15,1A2:g(Y15), 111N5;Q2
_cTEXL
_2CC
999 _c141199
_d141199